Nemecký jazyk odborné ekonomické texty pre Fakultu riadenia

Saved in:
Bibliographic Details
Main Author: Svitková, Mária
Format: Book
Language:Slovak
Published: Bratislava Vysoká škola ekonomická 1982
Tags: Add Tag
No Tags, Be the first to tag this record!

MARC

LEADER 00000nam a2200000 4500
001 c137036
005 20230116103508.2
041 0 |a slo 
044 |a SK 
245 1 0 |a Nemecký jazyk  |b odborné ekonomické texty pre Fakultu riadenia  |c Mária Svitková 
264 1 |a Bratislava  |b Vysoká škola ekonomická  |c 1982 
300 |a 104 s. 
100 1 |a Svitková, Mária